Statistics for Classic Rock Bands by Clue

Click here to take the quiz!

General Stats

  • This quiz has been taken 130 times
  • The average score is 9 of 20

Answer Stats

HintAnswer% Correct
CopsThe Police
88%
Nefertiti, Cleopatra, Mary or Marie Antoinette Queen
83%
Dirigible made from a pencil coreLed Zeppelin
76%
Far down violetDeep Purple
71%
Turning over bouldersRolling Stones
69%
VoyageJourney
64%
Slightly off-whiteCream
60%
PortalsThe Doors
51%
RaptorsEagles
40%
Blushing MayweatherPink Floyd
39%
Iconic WW2 era German carsBeatles
37%
Fast timber Apple computerFleetwood Mac
37%
Mains or batteriesACDC
35%
Unusual speed or hasteRush
31%
Belief in transparent dihydrogen oxide renewalCreedence Clearwater Revival
25%
Snoring spinning toyZZ Top
25%
OutlanderForeigner
23%
Leonard with a shaven headLynyrd Skynyrd
22%
Aircraft metal artisanAerosmith
9%
Covered vehicle and precipitating iceVan Halen
5%

Score Distribution

Percentile by Number Answered

Percent of People with Each Score

Your Score History

You have not taken this quiz